Oxford Dictionaries Top 1000 English Words - 20 Start with G - Statistics

General Stats
  • This quiz has been taken 4,207 times
  • The average score is 9 of 20
Answer Stats
G % Correct
Go
100%
Get
84%
Give
78%
Great
73%
Good
68%
Game
65%
Grow
57%
Gain
51%
Goal
44%
Girl
43%
Gene
34%
Guy
34%
General
28%
Group
27%
Ground
22%
Generally
21%
Growth
21%
Government
19%
Generation
16%
Global
11%
No matching quizzes found
Score Distribution
Percent of People with Each Score
Percentile by Number Answered
Your Score History
You have not taken this quiz